Stratigraphic and facies relationships of the Carys Mills Formation of Ordovician and Silurian age, northeast Maine. (Record no. 30469)
[ view plain ]
| 000 -LEADER | |
|---|---|
| fixed length control field | 00960cam a22002771 4500 |
| 001 - CONTROL NUMBER | |
| control field | gs 68000241 |
| 003 - CONTROL NUMBER IDENTIFIER | |
| control field | DLC |
| 005 - DATE AND TIME OF LATEST TRANSACTION | |
| control field | 20260227111422.0 |
| 008 - FIXED-LENGTH DATA ELEMENTS--GENERAL INFORMATION | |
| fixed length control field | 710901s1968 dcuab b 00000 eng c |
| 010 ## - LIBRARY OF CONGRESS CONTROL NUMBER | |
| LC control number | gs 68000241 //r85 |
| 040 ## - CATALOGING SOURCE | |
| Original cataloging agency | U.S. Geol. Survey. Libr. |
| 043 ## - GEOGRAPHIC AREA CODE | |
| Geographic area code | n-us-me |
| 050 0# - LIBRARY OF CONGRESS CALL NUMBER | |
| Classification number | QE75 |
| Item number | .B9 no. 1264 |
| 051 ## - LIBRARY OF CONGRESS COPY, ISSUE, OFFPRINT STATEMENT | |
| Classification number | QE661 |
| Item number | .P28 |
| Copy information | Copy 2. |
| 082 ## - DEWEY DECIMAL CLASSIFICATION NUMBER | |
| Classification number | 551.73/09741/1 |
| 100 10 - MAIN ENTRY--PERSONAL NAME | |
| Personal name | Pavlides, Louis, |
| Dates associated with a name | 1921- |
| 245 10 - TITLE STATEMENT | |
| Title | Stratigraphic and facies relationships of the Carys Mills Formation of Ordovician and Silurian age, northeast Maine. |
| 260 0# - PUBLICATION, DISTRIBUTION, ETC. | |
| Place of publication, distribution, etc. | Washington, |
| Name of publisher, distributor, etc. | U.S. Govt. Print. Off., |
| Date of publication, distribution, etc. | 1968. |
| 300 ## - PHYSICAL DESCRIPTION | |
| Extent | iv, 44 p. |
| Other physical details | illus., maps (1 fold. col. in pocket) |
| Dimensions | 24 cm. |
| 490 1# - SERIES STATEMENT | |
| Series statement | Geological Survey bulletin 1264 |
| 504 ## - BIBLIOGRAPHY, ETC. NOTE | |
| Bibliography, etc. note | Bibliography: p. 39-40. |
| 650 #0 - SUBJECT ADDED ENTRY--TOPICAL TERM | |
| Topical term or geographic name entry element | Geology, Stratigraphic |
| Chronological subdivision | Ordovician. |
| 650 #0 - SUBJECT ADDED ENTRY--TOPICAL TERM | |
| Topical term or geographic name entry element | Geology, Stratigraphic |
| Chronological subdivision | Silurian. |
| 650 #0 - SUBJECT ADDED ENTRY--TOPICAL TERM | |
| Topical term or geographic name entry element | Geology |
| Geographic subdivision | Maine. |
| 830 #0 - SERIES ADDED ENTRY--UNIFORM TITLE | |
| Uniform title | Geological Survey bulletin ; |
| Volume/sequential designation | 1264. |
No items available.